Practical skills in environmental science / (Record no. 5119)

MARC details
000 -LEADER
fixed length control field 00625nam a22002052 4500
001 - CONTROL NUMBER
control field 0000001171
005 - DATE AND TIME OF LATEST TRANSACTION
control field 20151217151808.0
008 - FIXED-LENGTH DATA ELEMENTS--GENERAL INFORMATION
fixed length control field 070227s xx 000 0 eng d
020 ## - INTERNATIONAL STANDARD BOOK NUMBER
International Standard Book Number 058232873X :
Terms of availability GBP 27.89
040 ## - CATALOGING SOURCE
Original cataloging agency KABU
Transcribing agency KABU
050 #0 - LIBRARY OF CONGRESS CALL NUMBER
Classification number GE40
Item number .P73
245 10 - TITLE STATEMENT
Title Practical skills in environmental science /
Statement of responsibility, etc. Allan Jones ... [et al.]
260 ## - PUBLICATION, DISTRIBUTION, ETC. (IMPRINT)
Place of publication, distribution, etc. Harlow, England :
Name of publisher, distributor, etc. Prentice Hall,
Date of publication, distribution, etc. 2000.
300 ## - PHYSICAL DESCRIPTION
Extent x, 280 p.
650 #0 - SUBJECT ADDED ENTRY--TOPICAL TERM
Topical term or geographic name as entry element Environmental science
General subdivision Methodology.
-- 0000149731
700 1# - ADDED ENTRY--PERSONAL NAME
Personal name Jones, Allan.
-- 0000149732
908 ## - PUT COMMAND PARAMETER (RLIN)
Put command parameter 070227
950 ## - LOCAL HOLDINGS (RLIN)
-- 1
Holdings
Withdrawn status Lost status Source of classification or shelving scheme Not for loan Home library Current library Date acquired Total Checkouts Full call number Barcode Date last seen Date last checked out Price effective from Koha item type
    Library of Congress Classification   Kabarak, Main Campus Kabarak, Main Campus 17/12/2015 5 GE40 .P73 000748 14/02/2023 01/02/2023 17/12/2015 General Collection
Designed with assistance from East African Informatics Ltd